[Event "GBR/IRL zt"]
[Site "Blackpool"]
[Date "1990.05.13"]
[Round "5"]
[White "Hynes, Kilian A"]
[Black "Chandler, Murray G"]
[Result "1/2-1/2"]
[WhiteElo "2240"]
[BlackElo "2585"]
[PlyCount "127"]
[EventDate "1990.05.09"]
[EventType "tourn"]
[EventRounds "11"]
[EventCountry "ENG"]
[EventCategory "8"]
[SourceTitle "BritBase"]
[Source "John Saunders"]
[SourceDate "1997.08.31"]
[SourceVersion "1"]
[SourceVersionDate "1997.08.31"]
[SourceQuality "1"]

1. d4 Nf6 2. c4 e6 3. Nf3 b6 4. g3 Ba6 5. Qa4 Be7 6. Bg2 O-O 7. Nc3 c6 8. O-O d5 9. Ne5 Qc8 10. Bf4 Qb7 11. Rfc1 b5 12. cxb5 cxb5 13. Qd1 Nbd7 14. a3 Rac8 15. b4 Qb6 16. Qd3 Nxe5 17. dxe5 Ng4 18. Qf3 f5 19. h3 Nh6 20. Bxh6 gxh6 21. Qd3 Kh8 22. e3 Rc4 23. Ne2 Qc7 24. f4 Bb7 25. Rd1 Rg8 26. Kf2 Bd8 27. Bf3 Qc8 28. Rac1 Bb6 29. Rxc4 bxc4 30. Qc3 Qe8 31. Nd4 Bd8 32. Rg1 Bc6 33. g4 fxg4 34. Rxg4 Bd7 35. f5 Bb6 36. Rxg8+ Qxg8 37. fxe6 Bxe6 38. Nxe6 Qxe6 39. Bg4 Qe7 40. e6+ d4 41. exd4 Qf6+ 42. Ke2 h5 43. Qf3 Kg7 44. Qxf6+ Kxf6 45. Bf3 Kxe6 46. Ke3 h4 47. Ke4 Kd6 48. Be2 c3 49. Bd1 a5 50. b5 h6 51. Kd3 Ba7 52. Kxc3 Bb6 53. Kd3 Kd5 54. Bf3+ Kd6 55. a4 Ba7 56. Ke3 Bb6 57. Ke4 Ke6 58. d5+ Kd6 59. Kf4 Bd8 60. Kf5 Bb6 61. Kg4 Bd8 62. Kh5 Kc5 63. Kxh6 Kb4 64. Bd1 1/2-1/2

[Event "GBR/IRL zt"]
[Site "Blackpool"]
[Date "1990.05.13"]
[Round "5"]
[White "Motwani, Paul"]
[Black "Carton, Patrick"]
[Result "1-0"]
[WhiteElo "2470"]
[BlackElo "2240"]
[PlyCount "49"]
[EventDate "1990.05.09"]
[EventType "tourn"]
[EventRounds "11"]
[EventCountry "ENG"]
[EventCategory "8"]
[SourceTitle "BritBase"]
[Source "John Saunders"]
[SourceDate "1997.08.31"]
[SourceVersion "1"]
[SourceVersionDate "1997.08.31"]
[SourceQuality "1"]

1. e4 e6 2. d4 d5 3. Nd2 Nf6 4. e5 Nfd7 5. f4 c5 6. c3 Nc6 7. Ndf3 cxd4 8. cxd4 Bb4+ 9. Bd2 Qa5 10. Bd3 Bxd2+ 11. Qxd2 Qxd2+ 12. Kxd2 Nb6 13. b3 Bd7 14. Rc1 Ke7 15. Ne2 h6 16. g4 Rac8 17. f5 Nb4 18. Bb1 Rxc1 19. Rxc1 Rc8 20. Rg1 Nc6 21. Nf4 Rg8 22. Nh5 f6 23. Re1 fxe5 24. dxe5 Be8 25. Nxg7 1-0

[Event "GBR/IRL zt"]
[Site "Blackpool"]
[Date "1990.05.13"]
[Round "5"]
[White "Suba, Mihai"]
[Black "McNab, Colin Anderson"]
[Result "1-0"]
[WhiteElo "2505"]
[BlackElo "2390"]
[PlyCount "113"]
[EventDate "1990.05.09"]
[EventType "tourn"]
[EventRounds "11"]
[EventCountry "ENG"]
[EventCategory "8"]
[SourceTitle "BritBase"]
[Source "John Saunders"]
[SourceDate "1997.08.31"]
[SourceVersion "1"]
[SourceVersionDate "1997.08.31"]
[SourceQuality "1"]

1. Nf3 g6 2. c4 Bg7 3. d4 d6 4. Nc3 Nd7 5. g3 e5 6. Bg2 Ne7 7. O-O O-O 8. Qd2 Nf5 9. e3 exd4 10. exd4 c5 11. dxc5 dxc5 12. Rd1 Nd4 13. Nxd4 cxd4 14. Nb5 Ne5 15. Nxd4 Bg4 16. f3 Nxc4 17. Qd3 Ne5 18. Qb3 Bd7 19. Be3 Qf6 20. h3 b5 21. f4 Nc4 22. Bf2 Rab8 23. Nc2 Bf5 24. Bd4 Bxc2 25. Qxc2 Qxd4+ 26. Rxd4 Bxd4+ 27. Kh2 Bxb2 28. Re1 Bf6 29. Qf2 Rb6 30. Re2 Rd8 31. Qc5 Nd6 32. Qc7 Ra6 33. Bb7 Nxb7 34. Qxb7 Rad6 35. Qxb5 Rd2 36. a4 Kg7 37. h4 h5 38. Rxd2 Rxd2+ 39. Kh3 Rd6 40. Qc5 Rd7 41. a5 Re7 42. g4 hxg4+ 43. Kxg4 Rb7 44. h5 gxh5+ 45. Kf5 Bh4 46. Qc3+ Kh7 47. Qc6 Rb4 48. Qd7 Kg7 49. Qxa7 Rb5+ 50. Ke4 Bf2 51. Qxf2 Rxa5 52. Qd4+ Kh7 53. Qf6 Ra4+ 54. Kd3 Kg8 55. Qg5+ Kf8 56. Qc5+ Kg8 57. Qxh5 1-0

[Event "GBR/IRL zt"]
[Site "Blackpool"]
[Date "1990.05.14"]
[Round "6"]
[White "Chandler, Murray G"]
[Black "Rayner, Francis"]
[Result "1-0"]
[WhiteElo "2585"]
[BlackElo "2270"]
[PlyCount "121"]
[EventDate "1990.05.09"]
[EventType "tourn"]
[EventRounds "11"]
[EventCountry "ENG"]
[EventCategory "8"]
[SourceTitle "BritBase"]
[Source "John Saunders"]
[SourceDate "1997.08.31"]
[SourceVersion "1"]
[SourceVersionDate "1997.08.31"]
[SourceQuality "1"]

1. e4 c5 2. Nf3 e6 3. d4 cxd4 4. Nxd4 Nc6 5. Nb5 d6 6. c4 Nf6 7. N1c3 a6 8. Na3 Be7 9. Be2 O-O 10. O-O b6 11. Be3 Bb7 12. Qb3 Nd7 13. Rfd1 Rb8 14. Rac1 Nce5 15. Qc2 Qc7 16. Qd2 Rbd8 17. f3 Ng6 18. Nc2 Nf6 19. Na4 Nd7 20. Kh1 Nc5 21. Nc3 Nd7 22. Bf1 Nge5 23. Nd4 Qb8 24. Qf2 Rc8 25. b3 Nc6 26. Qg3 Rfd8 27. Nde2 Ba8 28. Nf4 Nce5 29. Nh5 Ng6 30. f4 Nf6 31. Nxf6+ Bxf6 32. f5 Be5 33. Qf2 exf5 34. exf5 Ne7 35. Bxb6 Re8 36. Bd4 f6 37. Bd3 Nc6 38. Bxe5 Nxe5 39. Be2 Qb4 40. h3 Red8 41. Nd5 Bxd5 42. Rxd5 Rd7 43. Rcd1 Rcd8 44. Qe3 Qb7 45. Bf3 Qc7 46. R5d2 Qa5 47. Bd5+ Kf8 48. Qe4 Rc7 49. Be6 Qb4 50. Qe3 Ke7 51. Qg3 Kf8 52. Rd5 Qb6 53. Qh4 Nf7 54. Qxh7 Qe3 55. Qh4 Ke7 56. Re1 Rh8 57. Rxe3 Rxh4 58. Bxf7+ Kxf7 59. Rxd6 Ra7 60. g4 a5 61. c5 1-0

[Event "GBR/IRL zt"]
[Site "Blackpool"]
[Date "1990.05.14"]
[Round "6"]
[White "Hodgson, Julian M"]
[Black "Adams, Michael"]
[Result "1/2-1/2"]
[WhiteElo "2540"]
[BlackElo "2555"]
[PlyCount "101"]
[EventDate "1990.05.09"]
[EventType "tourn"]
[EventRounds "11"]
[EventCountry "ENG"]
[EventCategory "8"]
[SourceTitle "BritBase"]
[Source "John Saunders"]
[SourceDate "1997.08.31"]
[SourceVersion "1"]
[SourceVersionDate "1997.08.31"]
[SourceQuality "1"]

1. c4 Nf6 2. g3 e6 3. Bg2 d5 4. Nf3 Be7 5. b3 O-O 6. O-O b6 7. Bb2 Bb7 8. e3 Nbd7 9. Qe2 c5 10. d3 Qc7 11. Nbd2 Rad8 12. Rac1 Qb8 13. Rfd1 Qa8 14. a3 h6 15. Re1 a5 16. a4 Rfe8 17. Rcd1 Qb8 18. h3 Nh7 19. e4 dxe4 20. dxe4 e5 21. h4 Nhf8 22. Bh3 Ne6 23. Bxe6 fxe6 24. Nf1 Bd6 25. N3h2 Qc7 26. Qh5 Nf6 27. Qg6 Qf7 28. Qxf7+ Kxf7 29. f3 h5 30. Ne3 Ng8 31. g4 Ne7 32. gxh5 Nc6 33. Nef1 Nd4 34. Rd3 Rh8 35. Ng3 Be7 36. Ng4 Bxh4 37. Nxe5+ Kg8 38. Kg2 Bxg3 39. Kxg3 Rxh5 40. Bxd4 Rxe5 41. Bxe5 Rxd3 42. Kf4 g5+ 43. Kxg5 Rxf3 44. Bc7 Kf7 45. Bxb6 Rxb3 46. Bxa5 Bc6 47. Kf4 Ra3 48. Bb6 Rxa4 49. Rc1 Bb7 50. Ke5 Ba6 51. Bxc5 1/2-1/2

[Event "GBR/IRL zt"]
[Site "Blackpool"]
[Date "1990.05.15"]
[Round "7"]
[White "Davies, Nigel Rodney"]
[Black "McNab, Colin Anderson"]
[Result "1-0"]
[WhiteElo "2475"]
[BlackElo "2390"]
[PlyCount "77"]
[EventDate "1990.05.09"]
[EventType "tourn"]
[EventRounds "11"]
[EventCountry "ENG"]
[EventCategory "8"]
[SourceTitle "BritBase"]
[Source "John Saunders"]
[SourceDate "1997.08.31"]
[SourceVersion "1"]
[SourceVersionDate "1997.08.31"]
[SourceQuality "1"]

1. d4 d6 2. c3 Nf6 3. Nf3 Nbd7 4. Nbd2 e5 5. e4 Be7 6. Bd3 O-O 7. O-O c6 8. Re1 Qc7 9. Nf1 Re8 10. Ng3 g6 11. h3 Nf8 12. Be3 Ne6 13. a4 Nf4 14. Bf1 N6h5 15. Nxh5 Nxh5 16. Bc4 Nf4 17. Bxf4 exf4 18. Qd2 g5 19. Nh2 Bf6 20. Qd1 Be6 21. Bd3 h6 22. Qh5 Bg7 23. a5 Kf8 24. Ng4 Bxg4 25. Qxg4 Qc8 26. Qf3 Qe6 27. Kf1 Re7 28. a6 Rae8 29. Qe2 b6 30. Kg1 d5 31. e5 f6 32. Bg6 Rd8 33. Qh5 fxe5 34. dxe5 d4 35. h4 dxc3 36. bxc3 gxh4 37. Ra4 Rd5 38. Rxf4+ Kg8 39. Bf5 1-0

[Event "GBR/IRL zt"]
[Site "Blackpool"]
[Date "1990.05.15"]
[Round "7"]
[White "Hynes, Kilian A"]
[Black "Hodgson, Julian M"]
[Result "0-1"]
[WhiteElo "2240"]
[BlackElo "2540"]
[PlyCount "68"]
[EventDate "1990.05.09"]
[EventType "tourn"]
[EventRounds "11"]
[EventCountry "ENG"]
[EventCategory "8"]
[SourceTitle "BritBase"]
[Source "John Saunders"]
[SourceDate "1997.08.31"]
[SourceVersion "1"]
[SourceVersionDate "1997.08.31"]
[SourceQuality "1"]

1. d4 d6 2. Nf3 Bg4 3. Nbd2 Nd7 4. e4 c6 5. Bd3 e5 6. c3 Ngf6 7. h3 Bh5 8. O-O Be7 9. Re1 O-O 10. Nf1 Re8 11. Ng3 Bg6 12. Qc2 h6 13. a4 a5 14. dxe5 dxe5 15. Bd2 Nh7 16. Bc4 Ng5 17. Nxg5 Bxg5 18. Rad1 Nc5 19. b3 Qf6 20. Be3 Bxe3 21. Rxe3 Rad8 22. b4 Rxd1+ 23. Qxd1 Rd8 24. Qc2 axb4 25. cxb4 Ne6 26. Bxe6 Qxe6 27. Rd3 Rd4 28. Rxd4 exd4 29. f4 Qd6 30. Qd2 d3 31. Kf2 Qd4+ 32. Kf3 f6 33. f5 Bf7 34. Ne2 dxe2 0-1

[Event "GBR/IRL zt"]
[Site "Blackpool"]
[Date "1990.05.15"]
[Round "7"]
[White "Motwani, Paul"]
[Black "Chandler, Murray G"]
[Result "0-1"]
[WhiteElo "2470"]
[BlackElo "2585"]
[Annotator "Cafferty, B"]
[PlyCount "59"]
[EventDate "1990.05.09"]
[EventType "tourn"]
[EventRounds "11"]
[EventCountry "ENG"]
[EventCategory "8"]
[SourceTitle "BritBase"]
[Source "John Saunders"]
[SourceDate "1997.08.31"]
[SourceVersion "1"]
[SourceVersionDate "1997.08.31"]
[SourceQuality "1"]

1. e4 c5 2. Nf3 Nc6 3. Bb5 Nf6 4. Nc3 Nd4 5. e5 Nxb5 6. Nxb5 Nd5 7. O-O a6 8. c4 Nb4 9. Nc3 d6 10. exd6 Qxd6 11. d4 cxd4 12. Ne4 Qc7 13. Qa4+ Nc6 14. Nxd4 Bd7 15. Nb5 Qb8 16. Nbc3 e6 17. Rd1 f5 18. Rxd7 Kxd7 19. Qd1+ Ke8 20. Ng5 Qe5 21. g3 Rd8 22. Qb3 Nd4 23. Qxb7 Be7 24. Bf4 Qc5 25. Re1 Qc8 26. Qxc8 Rxc8 27. Rd1 Rxc4 28. Rxd4 Rxd4 29. Nxe6 Rb4 {A position to go down in the annals of curiosities. White had very little time left, Black about a quarter of an hour for the remaining moves to move 40. White played} 30. Nxg7+ {and Black replied 30 ... Rxf4?! White now saw 31 gxf4 Rg8 winning the pinned knight and resigned. This ends the game of course, whatever the means employed by the opponent. Such is the immutable case law of FIDE and a number of sorely aggrieved players and officials down the ages have felt it is totally wrong. An illegal move should be impermissible. (Bernard Cafferty)} 0-1

[Event "GBR/IRL zt"]
[Site "Blackpool"]
[Date "1990.05.15"]
[Round "7"]
[White "Rayner, Francis"]
[Black "King, Daniel John"]
[Result "0-1"]
[WhiteElo "2270"]
[BlackElo "2515"]
[PlyCount "54"]
[EventDate "1990.05.09"]
[EventType "tourn"]
[EventRounds "11"]
[EventCountry "ENG"]
[EventCategory "8"]
[SourceTitle "BritBase"]
[Source "John Saunders"]
[SourceDate "1997.08.31"]
[SourceVersion "1"]
[SourceVersionDate "1997.08.31"]
[SourceQuality "1"]

1. d4 Nf6 2. c4 c5 3. d5 b5 4. Nf3 g6 5. cxb5 a6 6. Nc3 axb5 7. e4 b4 8. Nb5 d6 9. Bf4 Bg7 10. e5 dxe5 11. Bxe5 O-O 12. Bc4 Bb7 13. Nc7 Ra5 14. Nb5 Bxd5 15. Bc7 Qc8 16. Bxd5 Rxb5 17. Bc4 Rb7 18. Be5 Qg4 19. Qe2 Qxg2 20. O-O-O Nc6 21. Bxf6 Bxf6 22. Bd5 Nd4 23. Rxd4 cxd4 24. Rg1 Rc7+ 25. Kb1 d3 26. Qxd3 Qxf2 27. Qb3 Rfc8 0-1

[Event "GBR/IRL zt"]
[Site "Blackpool"]
[Date "1990.05.16"]
[Round "8"]
[White "Chandler, Murray G"]
[Black "Carton, Patrick"]
[Result "1-0"]
[WhiteElo "2585"]
[BlackElo "2240"]
[PlyCount "98"]
[EventDate "1990.05.09"]
[EventType "tourn"]
[EventRounds "11"]
[EventCountry "ENG"]
[EventCategory "8"]
[SourceTitle "BritBase"]
[Source "John Saunders"]
[SourceDate "1997.08.31"]
[SourceVersion "1"]
[SourceVersionDate "1997.08.31"]
[SourceQuality "1"]

1. e4 e6 2. d4 d5 3. Nc3 Nf6 4. Bg5 Bb4 5. exd5 Qxd5 6. Bxf6 gxf6 7. Nge2 c5 8. a3 Bxc3+ 9. Nxc3 Qxd4 10. Qxd4 cxd4 11. Nb5 Na6 12. Nxd4 Nc7 13. O-O-O Bd7 14. Bd3 O-O-O 15. Rhe1 Bc6 16. Nxc6 bxc6 17. Re4 Nd5 18. Rc4 Kc7 19. Be4 Ne7 20. Re1 Rhg8 21. g3 f5 22. Bf3 Rd6 23. Ra4 Nc8 24. Rh4 Rh8 25. Re5 f6 26. Re1 Ne7 27. Be2 h6 28. Ra4 Ra8 29. Bc4 Nd5 30. Bb3 Kd7 31. Rh4 Rh8 32. Rh5 Ne7 33. Rh4 Nd5 34. Re2 Ne7 35. Ra4 Ra8 36. Rb4 e5 37. Rb7+ Kd8 38. Rd2 Rxd2 39. Kxd2 a5 40. Be6 Ke8 41. Kc3 Rd8 42. Ra7 Nd5+ 43. Kc4 Nb6+ 44. Kc5 Na4+ 45. Kxc6 Nxb2 46. Rxa5 Rd2 47. Bxf5 Rxf2 48. Kd5 Nd1 49. Ke6 Kd8 1-0

[Event "GBR/IRL zt"]
[Site "Blackpool"]
[Date "1990.05.16"]
[Round "8"]
[White "Davies, Nigel Rodney"]
[Black "Adams, Michael"]
[Result "1/2-1/2"]
[WhiteElo "2475"]
[BlackElo "2555"]
[PlyCount "72"]
[EventDate "1990.05.09"]
[EventType "tourn"]
[EventRounds "11"]
[EventCountry "ENG"]
[EventCategory "8"]
[SourceTitle "BritBase"]
[Source "John Saunders"]
[SourceDate "1997.08.31"]
[SourceVersion "1"]
[SourceVersionDate "1997.08.31"]
[SourceQuality "1"]

1. Nf3 Nf6 2. g3 d5 3. Bg2 c6 4. c4 dxc4 5. O-O Nbd7 6. Na3 Nb6 7. Qc2 Qd5 8. Nh4 Qe6 9. e4 g6 10. b3 cxb3 11. axb3 Bg7 12. d4 O-O 13. Bb2 Qd7 14. Rad1 e6 15. Rfe1 a5 16. Nf3 Qe7 17. Nc4 Nxc4 18. bxc4 Rd8 19. Nd2 e5 20. d5 cxd5 21. exd5 Bf5 22. Qc1 e4 23. h3 h5 24. Qa1 Ne8 25. Bxg7 Nxg7 26. Bxe4 Qd6 27. Bxf5 gxf5 28. Qd4 b6 29. Nf3 Re8 30. Rb1 Rxe1+ 31. Nxe1 Ra6 32. Nd3 a4 33. Nb4 Ra8 34. Nc2 Ra6 35. Nb4 Ra8 36. Nc2 Ra6 1/2-1/2

[Event "GBR/IRL zt"]
[Site "Blackpool"]
[Date "1990.05.16"]
[Round "8"]
[White "Hodgson, Julian M"]
[Black "Rayner, Francis"]
[Result "1-0"]
[WhiteElo "2540"]
[BlackElo "2270"]
[PlyCount "59"]
[EventDate "1990.05.09"]
[EventType "tourn"]
[EventRounds "11"]
[EventCountry "ENG"]
[EventCategory "8"]
[SourceTitle "BritBase"]
[Source "John Saunders"]
[SourceDate "1997.08.31"]
[SourceVersion "1"]
[SourceVersionDate "1997.08.31"]
[SourceQuality "1"]

1. d4 Nf6 2. Nf3 e6 3. Bg5 c5 4. e3 Be7 5. dxc5 Qa5+ 6. Nbd2 Qxc5 7. Bd3 d5 8. O-O O-O 9. c4 Nc6 10. Rc1 Qb6 11. cxd5 exd5 12. Nb3 Bg4 13. Be2 Rad8 14. Nfd4 Bxe2 15. Qxe2 Nxd4 16. Nxd4 Rc8 17. Nf5 Bc5 18. b4 Bxb4 19. Rb1 Ne4 20. Ne7+ Kh8 21. Nxc8 Rxc8 22. Be7 Nc3 23. Qg4 Rc4 24. Qd7 h6 25. Rxb4 Rxb4 26. Qc8+ Kh7 27. Qxc3 Re4 28. Bc5 Qa6 29. Qc2 f5 30. Bd4 1-0

[Event "GBR/IRL zt"]
[Site "Blackpool"]
[Date "1990.05.16"]
[Round "8"]
[White "King, Daniel John"]
[Black "Motwani, Paul"]
[Result "1-0"]
[WhiteElo "2515"]
[BlackElo "2470"]
[PlyCount "81"]
[EventDate "1990.05.09"]
[EventType "tourn"]
[EventRounds "11"]
[EventCountry "ENG"]
[EventCategory "8"]
[SourceTitle "BritBase"]
[Source "John Saunders"]
[SourceDate "1997.08.31"]
[SourceVersion "1"]
[SourceVersionDate "1997.08.31"]
[SourceQuality "1"]

1. g3 g6 2. Bg2 Bg7 3. c4 c5 4. Nc3 Nc6 5. a3 b6 6. e3 Bb7 7. Nge2 Na5 8. Bxb7 Nxb7 9. b4 Nf6 10. Bb2 O-O 11. O-O d5 12. cxd5 Nxd5 13. Qb3 Nf6 14. d4 cxb4 15. axb4 Nd6 16. b5 Qd7 17. Nf4 g5 18. Nd3 Nfe4 19. Nxe4 Nxe4 20. Qb4 Nd6 21. Ba3 Nxb5 22. Qxe7 Qf5 23. Rfd1 Rfe8 24. Qb7 Rac8 25. Bb4 h5 26. Ne1 h4 27. Qf3 Qxf3 28. Nxf3 hxg3 29. hxg3 g4 30. Nh4 Bf6 31. Nf5 Kh7 32. Nd6 Nxd6 33. Bxd6 a5 34. Rdb1 Rc6 35. Bf4 Kg6 36. Rb5 Rec8 37. Kg2 Be7 38. d5 Rf6 39. d6 Rxd6 40. Bxd6 Bxd6 41. Rxb6 1-0

[Event "GBR/IRL zt"]
[Site "Blackpool"]
[Date "1990.05.17"]
[Round "9"]
[White "Carton, Patrick"]
[Black "King, Daniel John"]
[Result "1/2-1/2"]
[WhiteElo "2240"]
[BlackElo "2515"]
[PlyCount "76"]
[EventDate "1990.05.09"]
[EventType "tourn"]
[EventRounds "11"]
[EventCountry "ENG"]
[EventCategory "8"]
[SourceTitle "BritBase"]
[Source "John Saunders"]
[SourceDate "1997.08.31"]
[SourceVersion "1"]
[SourceVersionDate "1997.08.31"]
[SourceQuality "1"]

1. d4 Nf6 2. c4 e6 3. Nc3 Bb4 4. Qc2 O-O 5. a3 Bxc3+ 6. Qxc3 Qe8 7. g3 d6 8. Bg2 Nbd7 9. Nh3 c5 10. O-O Qe7 11. Rd1 e5 12. dxe5 Nxe5 13. Nf4 Bf5 14. Nd5 Nxd5 15. Bxd5 Rad8 16. b3 Be6 17. Bb2 f6 18. Qe3 Bxd5 19. Rxd5 Nc6 20. Qxe7 Nxe7 21. Rd3 Rfe8 22. e3 Kf7 23. Rad1 Nc8 24. f3 Re6 25. Kf2 Rde8 26. Bc3 f5 27. h3 h5 28. Rg1 Rh8 29. Rg2 Rhh6 30. Rd1 Rhg6 31. Rdg1 Ne7 32. Rd1 Nc6 33. Rgg1 Re8 34. Rd5 Ne7 35. Rd3 Nc8 36. Rd5 Ne7 37. Rd3 Nc8 38. Rd5 Ne7 1/2-1/2

[Event "GBR/IRL zt"]
[Site "Blackpool"]
[Date "1990.05.17"]
[Round "9"]
[White "Motwani, Paul"]
[Black "Hodgson, Julian M"]
[Result "0-1"]
[WhiteElo "2470"]
[BlackElo "2540"]
[PlyCount "66"]
[EventDate "1990.05.09"]
[EventType "tourn"]
[EventRounds "11"]
[EventCountry "ENG"]
[EventCategory "8"]
[SourceTitle "BritBase"]
[Source "John Saunders"]
[SourceDate "1997.08.31"]
[SourceVersion "1"]
[SourceVersionDate "1997.08.31"]
[SourceQuality "1"]

1. g3 e5 2. Bg2 d5 3. d3 Nf6 4. Nf3 Bd6 5. O-O c6 6. Nc3 d4 7. Nb1 O-O 8. c3 c5 9. e3 dxc3 10. Nxc3 Nc6 11. Ne4 Nxe4 12. dxe4 Be6 13. Qe2 Be7 14. Bd2 c4 15. Bc3 Qc7 16. Nh4 Bxh4 17. gxh4 b5 18. f4 f6 19. Rf2 Rfd8 20. Qf3 b4 21. Be1 exf4 22. exf4 Rd3 23. Qh5 Qb6 24. e5 Bf7 25. Qg4 h5 26. Qf5 Nd4 27. Qe4 Rd8 28. Qb7 Qxb7 29. Bxb7 a5 30. Rc1 Re3 31. exf6 Ne2+ 32. Rxe2 Rxe2 33. Ba6 Rxb2 0-1

[Event "GBR/IRL zt"]
[Site "Blackpool"]
[Date "1990.05.17"]
[Round "9"]
[White "Rayner, Francis"]
[Black "Suba, Mihai"]
[Result "0-1"]
[WhiteElo "2270"]
[BlackElo "2505"]
[PlyCount "52"]
[EventDate "1990.05.09"]
[EventType "tourn"]
[EventRounds "11"]
[EventCountry "ENG"]
[EventCategory "8"]
[SourceTitle "BritBase"]
[Source "John Saunders"]
[SourceDate "1997.08.31"]
[SourceVersion "1"]
[SourceVersionDate "1997.08.31"]
[SourceQuality "1"]

1. e4 c5 2. Nc3 a6 3. g3 d6 4. Bg2 g6 5. f4 Bg7 6. Nf3 Nc6 7. O-O Nf6 8. d3 Bg4 9. h3 Bxf3 10. Bxf3 Nd7 11. Bg2 Rb8 12. Ne2 O-O 13. c3 b5 14. Be3 Qc7 15. d4 b4 16. Qd3 bxc3 17. bxc3 cxd4 18. cxd4 Nb4 19. Qd2 Nc2 20. Rfc1 Rb2 21. e5 dxe5 22. dxe5 Nxe5 23. fxe5 Qxe5 24. Bf4 Nxa1 25. Bxe5 Rxd2 26. Bxg7 Kxg7 0-1

[Event "GBR/IRL zt"]
[Site "Blackpool"]
[Date "1990.05.18"]
[Round "10"]
[White "Davies, Nigel Rodney"]
[Black "Rayner, Francis"]
[Result "1-0"]
[WhiteElo "2475"]
[BlackElo "2270"]
[PlyCount "81"]
[EventDate "1990.05.09"]
[EventType "tourn"]
[EventRounds "11"]
[EventCountry "ENG"]
[EventCategory "8"]
[SourceTitle "BritBase"]
[Source "John Saunders"]
[SourceDate "1997.08.31"]
[SourceVersion "1"]
[SourceVersionDate "1997.08.31"]
[SourceQuality "1"]

1. e4 c5 2. d3 Nc6 3. g3 g6 4. Bg2 Bg7 5. f4 d6 6. Nf3 Bg4 7. h3 Bxf3 8. Qxf3 Nf6 9. O-O Nd7 10. Nc3 Rb8 11. h4 Nd4 12. Qd1 b5 13. Nd5 e6 14. Ne3 b4 15. a3 a5 16. Nc4 Qc7 17. axb4 axb4 18. f5 O-O 19. Bg5 Nf6 20. Bf4 e5 21. Bg5 h6 22. Bxf6 Bxf6 23. Ra6 Nb5 24. fxg6 fxg6 25. Qg4 Kg7 26. h5 Bg5 27. Qe6 Rxf1+ 28. Bxf1 Qf7 29. Qxf7+ Kxf7 30. hxg6+ Kxg6 31. Nxe5+ Kg7 32. Nc4 Be7 33. Bh3 Rd8 34. Rb6 Nd4 35. Rb7 Kf8 36. Nb6 Nxc2 37. Nd5 Bg5 38. Nf4 Nd4 39. Kg2 Bf6 40. Be6 Be5 41. Ng6+ 1-0

[Event "GBR/IRL zt"]
[Site "Blackpool"]
[Date "1990.05.18"]
[Round "10"]
[White "Hodgson, Julian M"]
[Black "Carton, Patrick"]
[Result "1-0"]
[WhiteElo "2540"]
[BlackElo "2240"]
[PlyCount "85"]
[EventDate "1990.05.09"]
[EventType "tourn"]
[EventRounds "11"]
[EventCountry "ENG"]
[EventCategory "8"]
[SourceTitle "BritBase"]
[Source "John Saunders"]
[SourceDate "1997.08.31"]
[SourceVersion "1"]
[SourceVersionDate "1997.08.31"]
[SourceQuality "1"]

1. g3 g6 2. e4 Bg7 3. d4 c5 4. dxc5 Qa5+ 5. Bd2 Qxc5 6. Nc3 Nf6 7. Bg2 Nc6 8. Nge2 Ne5 9. Be3 Qa5 10. O-O d6 11. h3 O-O 12. b3 Rb8 13. a4 a6 14. Bd2 Qd8 15. a5 Nc6 16. Nd5 e6 17. Nb6 d5 18. Nxc8 Rxc8 19. exd5 Nxd5 20. Ra4 Qd7 21. c4 Nc7 22. Bg5 Qxd1 23. Rxd1 h6 24. Be3 Rfd8 25. Rb1 Rb8 26. Bb6 Rd7 27. b4 Nd4 28. Kf1 Nxe2 29. Kxe2 Bd4 30. Rd1 e5 31. Bxd4 exd4 32. Kd3 Ne6 33. Re1 Kg7 34. Re5 Rc8 35. Bd5 Kf6 36. Re4 g5 37. Ra1 Rb8 38. Bxe6 fxe6 39. Rxd4 Rxd4+ 40. Kxd4 Rd8+ 41. Kc5 Rc8+ 42. Kb6 Rxc4 43. Rb1 1-0

[Event "GBR/IRL zt"]
[Site "Blackpool"]
[Date "1990.05.19"]
[Round "11"]
[White "Carton, Patrick"]
[Black "Suba, Mihai"]
[Result "0-1"]
[WhiteElo "2240"]
[BlackElo "2505"]
[PlyCount "80"]
[EventDate "1990.05.09"]
[EventType "tourn"]
[EventRounds "11"]
[EventCountry "ENG"]
[EventCategory "8"]
[SourceTitle "BritBase"]
[Source "John Saunders"]
[SourceDate "1997.08.31"]
[SourceVersion "1"]
[SourceVersionDate "1997.08.31"]
[SourceQuality "1"]

1. Nf3 c5 2. g3 b6 3. Bg2 Bb7 4. O-O Nf6 5. c4 e6 6. Nc3 a6 7. d4 cxd4 8. Nxd4 Bxg2 9. Kxg2 Qc8 10. Qd3 Nc6 11. Nxc6 Qxc6+ 12. Qf3 Rc8 13. Bg5 Qxf3+ 14. Kxf3 Rxc4 15. Rfc1 Rc6 16. e4 h5 17. h3 Bd6 18. Ne2 Be5 19. Bf4 Bxf4 20. gxf4 Ke7 21. Nd4 Rc5 22. b4 Rcc8 23. a4 g6 24. Nb3 d6 25. b5 a5 26. Nd4 d5 27. Nc6+ Kf8 28. e5 Ne4 29. Ke3 Nc5 30. Rc3 Kg7 31. f3 Rc7 32. Kd4 Nd7 33. Rac1 h4 34. Ne7 Nc5 35. Nc6 Nxa4 36. Ra3 Nb2 37. Rg1 Rh5 38. Rg5 Kh6 39. Rg4 Nc4 40. Ra2 Rc8 0-1

[Event "GBR/IRL zt"]
[Site "Blackpool"]
[Date "1990.05.19"]
[Round "11"]
[White "Chandler, Murray G"]
[Black "King, Daniel John"]
[Result "1-0"]
[WhiteElo "2585"]
[BlackElo "2515"]
[PlyCount "91"]
[EventDate "1990.05.09"]
[EventType "tourn"]
[EventRounds "11"]
[EventCountry "ENG"]
[EventCategory "8"]
[SourceTitle "BritBase"]
[Source "John Saunders"]
[SourceDate "1997.08.31"]
[SourceVersion "1"]
[SourceVersionDate "1997.08.31"]
[SourceQuality "1"]

1. e4 c5 2. Nf3 d6 3. d4 cxd4 4. Nxd4 Nf6 5. Nc3 a6 6. Be3 e5 7. Nb3 Be6 8. f3 Nbd7 9. g4 Be7 10. Qd2 Rc8 11. O-O-O Qc7 12. Kb1 Nb6 13. h4 h6 14. Be2 Nc4 15. Bxc4 Bxc4 16. Rhg1 Nd7 17. g5 hxg5 18. Bxg5 Nf6 19. Qf2 b5 20. Be3 b4 21. Ne2 g6 22. Nec1 Nd7 23. Bg5 a5 24. Bxe7 Kxe7 25. Nd3 a4 26. Nbc1 a3 27. b3 Be6 28. Rd2 Qc3 29. Rgd1 Nc5 30. Ne2 Nxd3 31. cxd3 Qc5 32. d4 Qb6 33. Qg3 Rh5 34. dxe5 dxe5 35. Qe1 Rc7 36. Rd6 Qc5 37. Qd2 Rh8 38. Rd8 Rc8 39. Rd3 Qb6 40. Rd7+ Kf6 41. Qg5+ Kg7 42. Qxe5+ Kh7 43. h5 g5 44. R1d6 Qf2 45. Qxg5 Rhf8 46. Rxe6 1-0